00524nam a2200193 a 4500001001300000003000900013005001700022008004100039020001000080082001500090100002300105245004700128260004900175300000800224500003500232505001700267650002300284700002300307nice12345678IN_TiNIC20260116012134.0050524s1979 bana grp 000 0 eng  ac10000a275.4bKUR aKuria-Kose, Dn K K aStudy on Christian Ministry in India Today aBangalorebSenate of Serampore Collegec1979 a66p aincludes index and biblioraphy2 aBibliography aChristianity-India1 aKuria-Kose, Dn K K